LEADER 01228nam a2200289 u 4500 001 000000039248 003 CaOOAMICUS 005 20070226113952.0 008 980506s1988 it u000 u ita u 020 $a8814017573 035 $a10793876 040 $aPUL(R)$bita 100 1 $aCattaneo, Giovanni.$0(OLS)http://pul/name/29222 245 10$aCorso di diritto civile :$beffetti del matrimonio, regime patrimoniale, separazione e divorzio /$cGiovanni Cattaneo. 260 $aMilano :$bGiuffrè,$c1988. 300 $a189 p. ;$c25 cm 504 $aBibliografia: p. [183]-184. 650 4$aMatrimonio (diritto).$0(OLS)http://pul/subject/800 650 4$aDivorzio.$0(OLS)http://pul/subject/2094 850 $aPUL 852 $aPUL$W1$xSL Diritto e Scienze Sociali 1$y4$m172 D 116$j53384$nBK-PRI$b $qStampati$B53384$CPULBib$Z2$F53384 $H $81 941 1 $a8 960 $aDiritto matrimoniale$9800 961 $aINV: 61733 996 $6020$a8814017573$9(OLS)http://pul/number/48856 996 $6245$aCorso di diritto civile :$beffetti del matrimonio, regime patrimoniale, separazione e divorzio$9(OLS)http://pul/title/53138 996 $6260$aMilano :$bGiuffrè$9(OLS)http://pul/publisher/48401 LEADER 01838nam a2200373 a 4500 001 000000001388 003 CaOOAMICUS 005 20110928101618.0 008 941220s1981 fr u000 u fre r 035 $a10031548 040 $aPUL$bita 041 1 $afre$alat 100 0 $aFranciscus Assisiensis,$cs.,$d1182-1226.$0(OLS)http://pul/name/424 240 10$aOpere$9(Franciscus Assisiensis, s., 1182-1226).$lFrancese e latino.$0(OLS)http://pul/title/2088 245 10$aEcrits /$cFrançois d'Assise ; texte latin de l'édition K. Esser, introduction, traduction, notes et index par Théophile Desbonnets, Theddée Matura, Jean-François Godet, Damien Vorreux, frères mineurs. 260 $aParis :$bLes Éditions du Cerf,$c1981. 300 $a408 p. ;$c20 cm 490 1 $aSources chrétiennes ;$v285 500 $aTesto latino con traduzione francese a fronte. 500 $aIndice p. [349]-405. 700 1 $aDesbonnets, Théophile,$cO.F.M.,$d1923-1988.$0(OLS)http://pul/name/1553 700 1 $aGodet, Jean François,$cO.F.M.$0(OLS)http://pul/name/1554 700 1 $aVorreux, Damien,$cO.F.M.,$d1922-1998.$0(OLS)http://pul/name/1555 700 1 $aMatura, Thaddée,$cO.F.M.,$d1922-$0(OLS)http://pul/name/1556 830 0$aSources chrétiennes ;$v285.$0(OLS)http://pul/title/45 850 $aPUL 852 $aPUL$W1$xSL Religione 2$y84$mTheol E3 285$j1836$nBK-PRI$b $qStampati altre collocazioni$B1836$CPULBib$Z2$F1836 $H $81 852 $aPUL$W1$xDP1 Fondo Maccarrone$y58$m1511 B 21$j146054$qFondi$B144749$CPULBib$Z2$F144749 $82 900 $aFrancesco d'Assisi,$cs.,$d1182-1226$9424 941 1 $a10 941 1 $a1 961 $aINV: 49658. 996 $6245$aEcrits$9(OLS)http://pul/title/2089 996 $6260$aParis :$bLes Éditions du Cerf$9(OLS)http://pul/publisher/47861